00506nam a2200109Ia 4500008004100000050002300041100003200064245017100096260008600267300002800353521001500381140724s9999 xx 000 0 und d aBF 637b.B171 2011 aBala, Kristoffer Mauele Uy. aCustomer satisfaction of Shell Full Stop Gasoline Station Iba. Zambales on pricing, products, advertising and promotion and distribution /cKristoffer Mauele Uy Bala. aLas Piñas, Philippines :bSouthville International School and Colleges,cc2011. a73 p. :bill. ;c28 cm. aPsychology